| 000 | 01143cam a22003377a 4500 | ||
|---|---|---|---|
| 003 | CHAP | ||
| 005 | 20220817043257.0 | ||
| 008 | 971013s1976 r 00010 d | ||
| 010 | _a70312 | ||
| 011 | _a71284 | ||
| 035 | _a80838 | ||
| 040 | _cCHAP | ||
| 090 | _aFolleto 6243 | ||
| 100 | 0 | 0 |
_aCaetano Lacuesta, Gerónimo J. _917077 |
| 245 | 1 | 4 | _aLas leguminosas y el fósforo en el mejoramiento de pasturas en campos naturales |
| 260 |
_aMéxico, D. F. : _bDirección General de Extensión Agrícola, _c1976 |
||
| 300 | _a23 p. | ||
| 410 | 1 | 0 | _aMéxico. Dirección General de Extensión Agrícola |
| 490 | _aBoletín técnico | ||
| 590 |
_aBATCH-UPD _b10 _c20130110 _lUCH01 _h0616 |
||
| 590 |
_aBATCH-UPD _b10 _c20130410 _lUCH01 _h0258 |
||
| 590 |
_aBATCH-UPD _b10 _c20130914 _lUCH01 _h0654 |
||
| 590 |
_aCONVERSION _b10 _c20130109 _lUCH01 _h1339 |
||
| 650 | 1 | 4 |
_aPastos forrajeros. _986094 |
| 650 | 1 | 4 |
_aPastos _xMejoramiento. _986060 |
| 810 | 1 | 0 | _aMéxico. Dirección General de Extensión Agrícola |
| 830 | 0 |
_aBoletín técnico _913560 |
|
| 901 | _aBK | ||
| 942 | _cFOLL | ||
| 949 |
_aFolleto 6243 _bBC _cFOLL _d-33833 _eTS1 _i80838 _mD _si |
||
| 999 |
_c70312 _d70312 |
||